000 00742nam a22002297a 4500
005 20250718152121.0
010 _aENG-146035
020 _c335.00
_a9788198111111
035 _aEN-129567
037 _bDBAD
082 _a005.2
_21
100 _aP.S. Latika
_983091
245 _aTotal Computer Applications/
_cP.S. Latika; Aman Singh [and] Shiv Pratap Singh
250 _a1
260 _aNew Delhi
_bMorning Star
_c2025
270 _a4626/18, Ansari Road, Darya Ganj
_bNew Delhi
_e110002
_k23244660
_l23246113
300 _a264p.
_c24cm(pb)
500 _aAccording to the Latest Syllabus ICSE 10
700 _aAman Singh
_eAuthor
_983089
700 _aShiv Pratap Singh
_eAuthor
_983090
942 _2ddc
_cEN
_h005.2
_mPSL
999 _c212437
_d212437